000 00515nam a2200217Ia 4500
003 0100
008 130303s9999 xx 000 0 und d
040 _cARRUPELIB
050 _aB2779.S5 1950
100 _aSmith, Norman Kemp
245 2 _aA commentary to Kant's ' critique of pure reason
250 _a2nd. ed.
260 _aNew York
260 _bThe Humanities Press
260 _C1950
300 _alxi
300 _b 649p. 23 cm.
650 _aPHILOSOPHY
650 _bPersonalism
942 0 0 _01
999 _c56067
_d56067